000 00237nam a2200097Ia 4500
001 644682
005 20250826153609.0
008 250824s9999 xx 000 0 und d
245 0 _aKATIRASLAN
_cCAHİT ZARİFOĞLU
260 _bBEYAN YAYINLARI
999 _c644682
_d644682